| 000 | 00398 a2200121 4500 | ||
|---|---|---|---|
| 082 |
_a759.97 _bIN59p |
||
| 110 |
_aInstituto de Arte de Chicago _91233 |
||
| 245 | _aLa pintura americana de los siglos XVIII, XIX y XX | ||
| 260 |
_aMadrid _bEditorial Codex S. A. _c1967 |
||
| 300 |
_a82 p _bill (col) _c31 cm |
||
| 650 |
_apintura americana _ys. XVIII/XIX/XX _91234 |
||
| 710 |
_aInstituto de Arte de Chicago _91235 |
||
| 999 |
_c269 _d269 |
||